[Event "Steyr Landesliga 1314"]
[Site "Austria"]
[Date "2014.01.25"]
[Round "6.6"]
[White "Pojer, Hannes"]
[Black "Matosec, Thomas"]
[Result "1/2-1/2"]
[WhiteElo "2057"]
[BlackElo "2101"]
[PlyCount "85"]
[EventDate "2013.09.28"]
[EventType "team-tourn"]
[EventRounds "11"]
[EventCountry "AUT"]
[SourceTitle "EXT 2015"]
[Source "ChessBase"]
[SourceDate "2014.11.20"]
[SourceVersion "1"]
[SourceVersionDate "2014.11.20"]
[SourceQuality "1"]
[WhiteTeam "Trofaiach Niklasdorf"]
[BlackTeam "Graz Styria"]
[WhiteTeamCountry "AUT"]
[BlackTeamCountry "AUT"]

1. d4 f5 2. c4 Nf6 3. Nc3 d6 4. Bg5 Nbd7 5. e3 g6 6. Bd3 Bg7 7. Nge2 e5 8. 0-0 0-0 9. Nd5 c6 10. Nxf6+ Nxf6 11. c5 e4 12. Bc2 d5 13. b4 h6 14. Bxf6 Qxf6 15. Nf4 Bd7 16. a4 a6 17. b5 axb5 18. axb5 Rxa1 19. Qxa1 Qf7 20. Qa7 g5 21. Nh3 f4 22. Qxb7 fxe3 23. bxc6 exf2+ 24. Nxf2 e3 25. Qxd7 exf2+ 26. Kh1 Bxd4 27. Bb3 Qxd7 28. cxd7 Bxc5 29. Bxd5+ Kg7 30. g3 Kf6 31. Kg2 Ke7 32. Bc6 Kd6 33. Rd1+ Kxc6 34. d8N+ Kb5 35. Ne6 Rf6 36. Nxc5 Kxc5 37. Rf1 Kd4 38. Rxf2 Rxf2+ 39. Kxf2 g4 40. Ke2 Ke4 41. Kf2 Kd3 42. Kf1 Ke3 43. Ke1 1/2-1/2

[Event "Steyr Landesliga 1213"]
[Site "Austria"]
[Date "2012.11.17"]
[Round "4.6"]
[White "Grosse, Manfred"]
[Black "Pojer, Hannes"]
[Result "1/2-1/2"]
[WhiteElo "1986"]
[BlackElo "2045"]
[PlyCount "133"]
[EventDate "2012.09.22"]
[EventType "team-tourn"]
[EventRounds "11"]
[EventCountry "AUT"]
[SourceTitle "EXT 2014"]
[Source "ChessBase"]
[SourceDate "2013.11.20"]
[SourceVersion "1"]
[SourceVersionDate "2013.11.20"]
[SourceQuality "1"]
[WhiteTeam "Graz Post"]
[BlackTeam "Trofaiach Niklasdorf"]
[WhiteTeamCountry "AUT"]
[BlackTeamCountry "AUT"]

1. e4 c5 2. Nf3 Nc6 3. Nc3 d6 4. h3 Nf6 5. Bc4 e6 6. d3 Be7 7. a3 0-0 8. 0-0 d5 9. Ba2 d4 10. Ne2 e5 11. Ng3 Bd7 12. Bg5 Qc8 13. Nh2 Be6 14. Bxe6 Qxe6 15. Nf5 Kh8 16. Nxe7 Nxe7 17. f4 exf4 18. Bxf4 Ng6 19. Bg3 Nd7 20. Qg4 Kg8 21. Rad1 Nde5 22. Qxe6 fxe6 23. Nf3 Nd7 24. Ng5 e5 25. Rxf8+ Rxf8 26. c3 h6 27. Ne6 Rf6 28. Nd8 Rb6 29. cxd4 cxd4 30. b4 Kf8 31. Rc1 Ke7 32. Rc8 a5 33. bxa5 Rb1+ 34. Kh2 Nf4 35. Bxf4 exf4 36. a6 bxa6 37. Nc6+ Kf6 38. Nxd4 Ne5 39. Rf8+ Ke7 40. Rxf4 Nxd3 41. Rf3 Ne5 42. Rc3 Rb6 43. Kg3 g5 44. Nf5+ Kd7 45. Nd4 h5 46. Nf3 h4+ 47. Kh2 Nf7 48. Rc5 Rb5 49. Rc3 Ra5 50. Nd4 Nd6 51. Nb3 Re5 52. Rd3 Ke7 53. Rd5 Rxd5 54. exd5 Nc4 55. g3 Nxa3 56. gxh4 gxh4 57. Kg2 Nc4 58. Kf3 Ne5+ 59. Ke4 Kd6 60. Nd4 Ng6 61. Nf5+ Kc5 62. d6 Kc6 63. Kd4 a5 64. Kc3 Nf4 65. Kb3 Nxh3 66. Nxh4 Kxd6 67. Ka4 1/2-1/2

[Event "Steyr Landesliga 1213"]
[Site "Austria"]
[Date "2012.11.03"]
[Round "3.4"]
[White "Pojer, Hannes"]
[Black "Wurm, Christoph"]
[Result "1-0"]
[WhiteElo "2045"]
[BlackElo "2089"]
[PlyCount "101"]
[EventDate "2012.09.22"]
[EventType "team-tourn"]
[EventRounds "11"]
[EventCountry "AUT"]
[SourceTitle "EXT 2014"]
[Source "ChessBase"]
[SourceDate "2013.11.20"]
[SourceVersion "1"]
[SourceVersionDate "2013.11.20"]
[SourceQuality "1"]
[WhiteTeam "Trofaiach Niklasdorf"]
[BlackTeam "Leoben"]
[WhiteTeamCountry "AUT"]
[BlackTeamCountry "AUT"]

1. d4 d5 2. c4 e6 3. Nc3 c6 4. Nf3 dxc4 5. e3 b5 6. a4 Bb4 7. Bd2 a5 8. axb5 Bxc3 9. Bxc3 cxb5 10. b3 Bb7 11. bxc4 b4 12. Bb2 Nf6 13. c5 0-0 14. Bb5 Bd5 15. 0-0 Ne4 16. Ne5 f6 17. Nc4 f5 18. Nb6 Ra7 19. Qd3 Bc6 20. Ra2 Qe8 21. Bxc6 Nxc6 22. Rfa1 Qf7 23. f3 Nf6 24. Nc4 Rfa8 25. Nb6 Rb8 26. Nc4 Rba8 27. Nd6 Qd7 28. Qb3 Ne8 29. Nc4 Qd5 30. Ra4 Ra6 31. Qc2 Qd8 32. Nb6 Rb8 33. Qc4 Nc7 34. e4 fxe4 35. fxe4 Qg5 36. d5 exd5 37. exd5 Ne5 38. Bxe5 Qxe5 39. d6+ Ne6 40. Qxa6 Qxc5+ 41. Kh1 Qxd6 42. Qxa5 Rxb6 43. Qf5 Nc7 44. Rf1 h6 45. Ra7 Rc6 46. Rb7 Qe7 47. Rb8+ Ne8 48. Qd5+ Re6 49. Re1 Kf7 50. Qxe6+ Qxe6 51. Rxe6 1-0

[Event "Graz op-B"]
[Site "Graz"]
[Date "2006.09.24"]
[Round "9.1"]
[White "Pojer, Hannes"]
[Black "Dimitrijevic, Dragan"]
[Result "1/2-1/2"]
[WhiteElo "1977"]
[BlackElo "1962"]
[PlyCount "156"]
[EventDate "2006.09.16"]
[EventType "swiss"]
[EventRounds "9"]
[EventCountry "AUT"]
[SourceTitle "EXT 2022"]
[Source "ChessBase"]
[SourceDate "2021.10.06"]
[SourceVersion "1"]
[SourceVersionDate "2021.10.06"]
[SourceQuality "1"]

1. d4 Nf6 2. Bg5 Ne4 3. Bh4 d5 4. f3 Nd6 5. Nc3 Nc4 6. Qc1 Qd6 7. e3 Qb4 8. Bxc4 Qxc4 9. Nge2 e6 10. 0-0 Bb4 11. Qd2 0-0 12. Qd3 Qxd3 13. cxd3 c6 14. a3 Bd6 15. b4 Bd7 16. Rfb1 Rc8 17. Bg3 Be7 18. Ra2 Be8 19. Rc2 Na6 20. Rbc1 Nc7 21. e4 Bg5 22. Bf4 Bxf4 23. Nxf4 Rd8 24. e5 a5 25. Rb2 axb4 26. Rxb4 b5 27. a4 Na6 28. Rb2 Nc7 29. axb5 Nxb5 30. Nfe2 Ra3 31. Kf2 Rda8 32. Ke3 Ra1 33. Rxa1 Rxa1 34. Ra2 Rxa2 35. Nxa2 Kf8 36. Kd2 Ke7 37. Kc2 f6 38. Nb4 Kd7 39. Na6 Kc8 40. Kd2 Kd8 41. Ke3 Bg6 42. g4 Bf7 43. h4 Kd7 44. f4 h5 45. f5 Ke7 46. fxe6 Bxe6 47. gxh5 Bf7 48. Nf4 Na3 49. Nb4 Be8 50. Kd2 Nb5 51. Nc2 Nc7 52. Ne3 Bd7 53. Neg2 Bg4 54. Ne3 Bd7 55. Ne2 Ke6 56. Nf4+ Ke7 57. Nc2 Ne6 58. Ke3 Be8 59. Nb4 Nxf4 60. Kxf4 Ke6 61. Na6 fxe5+ 62. dxe5 Bxh5 63. Nc5+ Ke7 64. d4 Bd1 65. Kg5 Bc2 66. Na6 Kd7 67. h5 Ke6 68. Nb4 Ba4 69. Kg6 c5 70. dxc5 Be8+ 71. Kxg7 Bxh5 72. Nd3 Be8 73. Kf8 Bb5 74. Nf4+ Kxe5 75. Nxd5 Kxd5 76. c6 Kd6 77. c7 Ba6 78. Ke8 Kxc7 1/2-1/2

[Event "Graz op-B"]
[Site "Graz"]
[Date "2006.09.19"]
[Round "4.10"]
[White "Jauk, Nadine"]
[Black "Pojer, Hannes"]
[Result "0-1"]
[WhiteElo "1829"]
[BlackElo "1977"]
[PlyCount "102"]
[EventDate "2006.09.16"]
[EventType "swiss"]
[EventRounds "9"]
[EventCountry "AUT"]
[SourceTitle "EXT 2022"]
[Source "ChessBase"]
[SourceDate "2021.10.06"]
[SourceVersion "1"]
[SourceVersionDate "2021.10.06"]
[SourceQuality "1"]

1. e4 c5 2. Nf3 Nc6 3. c3 d5 4. exd5 Qxd5 5. d3 Bg4 6. Nbd2 Bf5 7. Qb3 Qxb3 8. Nxb3 e5 9. Be3 b6 10. d4 exd4 11. cxd4 cxd4 12. Nbxd4 Nxd4 13. Nxd4 Bb4+ 14. Ke2 Be4 15. f3 Bb7 16. Kf2 0-0-0 17. Rc1+ Kb8 18. Nb5 Bd2 19. Bxd2 Rxd2+ 20. Be2 Ba6 21. Rhd1 Rxe2+ 22. Kxe2 Bxb5+ 23. Kf2 Nf6 24. Rd4 Rc8 25. Rcd1 Rc2+ 26. R4d2 Rxd2+ 27. Rxd2 Bc6 28. b4 Kc7 29. a3 Nd5 30. g3 h6 31. f4 Bb7 32. Rd4 b5 33. h4 Nb6 34. Rd3 Nc4 35. Rc3 Kb6 36. Rd3 Kc7 37. Rc3 Kd6 38. a4 Ba6 39. Rd3+ Ke7 40. axb5 Bxb5 41. Rd5 a6 42. Rc5 g6 43. g4 Nd6 44. Re5+ Kf6 45. g5+ Kg7 46. Kg3 Nf5+ 47. Kg4 h5+ 48. Kh3 Bf1+ 49. Kh2 Nxh4 50. Rc5 Bb5 51. Kg3 Nf5+ 0-1

[Event "AUT-ch U18"]
[Site "Koestendorf"]
[Date "1998.04.05"]
[Round "2.7"]
[White "Sandhu, Mario"]
[Black "Pojer, Hannes"]
[Result "1-0"]
[WhiteElo "2155"]
[BlackElo "1710"]
[PlyCount "59"]
[EventDate "1998.04.04"]
[EventType "swiss"]
[EventRounds "7"]
[EventCountry "AUT"]
[SourceTitle "EXT 1999"]
[Source "ChessBase"]
[SourceDate "1998.11.16"]
[SourceVersion "1"]
[SourceVersionDate "1998.11.16"]
[SourceQuality "1"]

1. e4 e5 2. Nf3 Nf6 3. Nc3 Nc6 4. Bb5 d6 5. d4 exd4 6. Nxd4 Bd7 7. Bxc6 bxc6 8. 0-0 c5 9. Nde2 Bc6 10. Nf4 Be7 11. Re1 0-0 12. b3 Nd7 13. Ncd5 Bg5 14. Bb2 Bxf4 15. Nxf4 Qg5 16. Nd3 f5 17. f4 Qh6 18. e5 Qg6 19. Qd2 dxe5 20. Bxe5 Nxe5 21. Nxe5 Qf6 22. Qf2 Rfe8 23. Qxc5 Re6 24. Nxc6 Rxc6 25. Qd5+ Kf8 26. Re5 g6 27. Rae1 Rb8 28. c4 Kg7 29. Qd7+ Kh6 30. R1e3 1-0